<?xml version="1.0" encoding="UTF-8"?>
<record
    xmlns:xsi="http://www.w3.org/2001/XMLSchema-instance"
    xsi:schemaLocation="http://www.loc.gov/MARC21/slim http://www.loc.gov/standards/marcxml/schema/MARC21slim.xsd"
    xmlns="http://www.loc.gov/MARC21/slim">

  <leader>01811namaa22001934ia4500</leader>
  <controlfield tag="005">20250207144730.0</controlfield>
  <controlfield tag="008">250207b2020    dr adc|brin||o001 0cspa d</controlfield>
  <datafield tag="020" ind1=" " ind2=" ">
    <subfield code="a">978-9945-499-60-5</subfield>
  </datafield>
  <datafield tag="040" ind1=" " ind2=" ">
    <subfield code="a">CGID0015</subfield>
    <subfield code="c">CGID0015</subfield>
    <subfield code="e">rda</subfield>
  </datafield>
  <datafield tag="082" ind1="0" ind2="4">
    <subfield code="a">IDEICE RD 372.4 L732i</subfield>
    <subfield code="2">21</subfield>
  </datafield>
  <datafield tag="110" ind1=" " ind2=" ">
    <subfield code="a">Instituto Dominicana de Evaluaci&#xF3;n e Investigaci&#xF3;n Educativa (IDEICE).</subfield>
  </datafield>
  <datafield tag="245" ind1=" " ind2=" ">
    <subfield code="a">Lecturas divertidas para ti. Nivel 3. Versi&#xF3;n para estudiantes :</subfield>
    <subfield code="b">Versi&#xF3;n estudiantes, talleres de ense&#xF1;anza rec&#xED;proca</subfield>
  </datafield>
  <datafield tag="260" ind1=" " ind2=" ">
    <subfield code="a">Santo Domingo :</subfield>
    <subfield code="b">Instituto Dominicana de Evaluaci&#xF3;n e Investigaci&#xF3;n Educativa (IDEICE).</subfield>
    <subfield code="c">2020</subfield>
  </datafield>
  <datafield tag="300" ind1=" " ind2=" ">
    <subfield code="a">155p</subfield>
  </datafield>
  <datafield tag="521" ind1=" " ind2=" ">
    <subfield code="a">El libro Lecturas divertidas para ti Nivel 3. Versi&#xF3;n estudiantes, es el resultado del programa de investigaci&#xF3;n de los procesos de ense&#xF1;anza y aprendizaje escolar que lleva a cabo el Instituto Dominicana de Evaluaci&#xF3;n e Investigaci&#xF3;n Educativa (IDEICE).
En esta gu&#xED;a perteneciente a talleres de ense&#xF1;anza rec&#xED;proca, los estudiantes aprender&#xE1;n las cuatro estrategias de comprensi&#xF3;n lectora basadas en el m&#xE9;todo de ense&#xF1;anza rec&#xED;proca, siendo estas estrategias: predecir, preguntar, aclarar y resumir.
Esta gu&#xED;a est&#xE1; dise&#xF1;ada para estudiantes de 4.o, 5.o y 6.o grado del nivel primario cuyo desempe&#xF1;o en comprensi&#xF3;n lectora no sea el esperado para su grado. Se recomienda utilizar con estudiantes que logren decodificar y comprender literalmente lo que leen, pero que tengan dificultades al realizar comprensiones m&#xE1;s profundas del tipo cr&#xED;tica o inferencial (informaci&#xF3;n no expl&#xED;cita en el texto)</subfield>
  </datafield>
  <datafield tag="650" ind1=" " ind2=" ">
    <subfield code="a">Comprensi&#xF3;n de lectura -- Ejercicios pr&#xE1;cticos, Comprensi&#xF3;n de lectura -- Estudio y ense&#xF1;anza, Educaci&#xF3;n Primaria -- Rep&#xFA;blica Dominicana, Escritura.</subfield>
  </datafield>
  <datafield tag="700" ind1=" " ind2=" ">
    <subfield code="a"> de Lima Jim&#xE9;nez, Dinorah ; Rond&#xF3;n, Mabel</subfield>
  </datafield>
  <datafield tag="942" ind1=" " ind2=" ">
    <subfield code="2">ddc</subfield>
    <subfield code="c">LIB</subfield>
    <subfield code="n">0</subfield>
  </datafield>
  <datafield tag="999" ind1=" " ind2=" ">
    <subfield code="c">12490</subfield>
    <subfield code="d">12490</subfield>
  </datafield>
  <datafield tag="952" ind1=" " ind2=" ">
    <subfield code="0">0</subfield>
    <subfield code="1">0</subfield>
    <subfield code="2">ddc</subfield>
    <subfield code="4">0</subfield>
    <subfield code="7">0</subfield>
    <subfield code="a">RI</subfield>
    <subfield code="b">RI</subfield>
    <subfield code="d">2025-02-07</subfield>
    <subfield code="l">0</subfield>
    <subfield code="o">IDEICE RD 372.4 L732i</subfield>
    <subfield code="r">2025-02-07 18:48:32</subfield>
    <subfield code="u">https://ideice.gob.do/documentacion/publicaciones-id-p1-125-lecturas-divertidas-para-ti-nivel-3-version-para-estudiantes</subfield>
    <subfield code="w">2025-02-07</subfield>
    <subfield code="y">LIB</subfield>
  </datafield>
</record>
